La crisis del desarrollismo y la nueva dependencia /

Guardado en:
Otros Autores: Matos Mar, José (compilación.)
Formato: Libro
Idioma:Spanish
Publicado: Buenos Aires : Amorrortu, 1972.
Materias:
Etiquetas: Agregar Etiqueta
Sin Etiquetas, Sea el primero en etiquetar este registro!
LEADER 00523nam a22001695a 4500
001 EUN.um000708
003 AR-BaUNS
005 20050623122849.0
008 041125s1972####ag############000#0#spa#d
245 0 3 |a La crisis del desarrollismo y la nueva dependencia /  |c José Matos Mar. 
260 |a Buenos Aires :  |b Amorrortu,  |c 1972. 
300 |a 188 p. 
700 1 |a Matos Mar, José  |e compilación. 
082 0 4 |a 338.9 
653 |a Politica economica 
653 |a Desarrollo 
859 |a Ar-BaUNS  |b BIB. CENTRAL - Sector C  |h 338.9  |i M428-1  |p 100807/992